| 000 | 00387nam a2200157Ia 4500 | ||
|---|---|---|---|
| 008 | 230312s9999||||xx |||||||||||||| ||und|| | ||
| 020 | _a0-07-463771-1 | ||
| 082 |
_a621.3822 _bNAG-S |
||
| 100 | _aNagrath;I.J | ||
| 245 | 0 | _aSignals and Systems | |
| 260 |
_bTata McGraw Hill _aIndia _c2006 |
||
| 300 | _a606 | ||
| 546 | _aEng. | ||
| 650 |
_aEngineering _vSignals and Systems |
||
| 942 | _cBK | ||
| 999 |
_c7619 _d7619 |
||